| 000 | 00691nam a2200229 a 4500 | ||
|---|---|---|---|
| 001 | 19566 | ||
| 003 | CO-ViMGA | ||
| 008 | 141112s2004 ck r 000 u spa d | ||
| 020 | _a8436809041 | ||
| 040 |
_aCO-ViMGA _bspa _cCO-ViMGA |
||
| 082 | 0 | 4 | _a155.4 L176m |
| 100 | 1 |
_aLarroy, Cristina; Puente, Maria Luisa de la _928262 |
|
| 245 | 1 | 0 |
_aEl niño desobediente : _bestrategias para su control |
| 260 |
_aMadrid : _bPiramide; 1998 |
||
| 300 | _a133 p. | ||
| 490 | _aOjos solares | ||
| 590 | _aForma de adquisición : Premio Mincultura | ||
| 650 | 1 | 4 |
_aeducación Y CRIANZA DE NIÑOS _928263 |
| 650 | 1 | 4 |
_aMANEJO DE NIÑOS _920378 |
| 650 | 1 | 4 |
_aPSICOLOGIA INFANTIL _91631 |
| 942 |
_2ddc _cBK |
||
| 999 |
_c28706 _d28706 |
||